| 000 | 00495nam a2200193Ia 4500 | ||
|---|---|---|---|
| 003 | GCL | ||
| 008 | 140319s9999 xx 000 0 ara d | ||
| 040 |
_aGCL / _cGCL |
||
| 082 | 0 | 4 |
_a928.143 _bص ج |
| 100 | 1 | _aصديق شيبوب | |
| 245 | 1 | 0 |
_aجوته / _cصديق شيبوب |
| 300 | _a110 ص | ||
| 490 |
_aاقرأ _v0 |
||
| 650 | 0 | 4 | _aالادب الالمانى |
| 650 | 0 | 4 | _aالادباء |
| 650 | 0 | 4 | _aجوتة |
| 650 | 0 | 4 | _aالادباء الالمانيون |
| 942 |
_2ddc _cBK |
||
| 999 |
_c46769 _d46769 |
||